04087cam a2200349 a 45000010009000000050017000090080041000260100017000670200029000840200030001130400018001430420008001610500023001690820016001920840023002081000030002312450148002612600068004093000026004774900056005035040051005595201017006105201710016276500031033376500032033686500068034008560084034689060045035529420012035979990017036099520111036261690837420170105102916.0110808s2012 enk b 001 0 eng  a 2011033548 a9781107014718 (hardback) a9781107603769 (paperback) aDLCcDLCdDLC apcc00aJZ1318b.R375 201200a327.1/7223 aPOL0110002bisacsh1 aRathbun, Brian C.,d1973-10aTrust in international cooperation :binternational security institutions, domestic politics, and American multilateralism /cBrian C. Rathbun. aCambridge, UK ;aNew York :bCambridge University Press,c2012. axiv, 253 p. ;c24 cm.0 aCambridge studies in international relations ;v121 aIncludes bibliographical references and index. a"Trust in International Cooperation challenges conventional wisdoms concerning the part which trust plays in international cooperation and the origins of American multilateralism. Rathbun questions rational institutionalist arguments, demonstrating that trust precedes rather than follows the creation of international organizations. Drawing on social psychology, he shows that individuals placed in the same structural circumstances show markedly different propensities to cooperate based on their beliefs about the trustworthiness of others. Linking this finding to political psychology, Rathbun explains why liberals generally pursue a more multilateral foreign policy than conservatives, evident in the Democratic Party's greater support for a genuinely multilateral League of Nations, United Nations and North Atlantic Treaty Organization. Rathbun argues that the post-Second World War bipartisan consensus on multilateralism is a myth, and differences between the parties are growing continually starker"-- a"In 2001, even before the terrible events of 9/11, a term once reserved for arcane discussions among academics began to seep into the public discourse - unilateralism. This was the characterization of a number of high-profile actions taken by the new Republican administration such as the "unsigning" of the International Criminal Court statute and a lack of serious engagement on the issue of climate change. Following the terrorist attacks in New York and Washington, the Bush administration decided to fight the war in Afghanistan largely alone, refusing an offer of NATO help. Then, of course, came Iraq. The American government, unable to garner the international community's endorsement of its aim of permanently disarming Saddam Hussein's regime by force, proceeded without the sanction of the United Nations. The government's unilateralism, it has been consistently maintained, marked a departure from the post-WWII tradition of American multilateral engagement and has attracted widespread disappointment and scorn on the part of American allies. Even as the Bush administration was brandished for being unilateral, however, scholars and pundits alike failed to interrogate the term and its logical opposite - multilateralism. What are unilateralism and multilateralism and what are their sources? A convenient answer is that unilateralism is the desire to go it alone, one that simply emerges when a state's interests are out of line with those of other countries. Why, after all, would the United States seek to constrain itself multilaterally in the United Nations when other countries were not as threatened by the possibility of weapons of mass destruction falling into terrorists' hands?"-- 0aInternational cooperation. 0aInternational organization. 7aPOLITICAL SCIENCE / International Relations / General.2bisacsh423Cover imageuhttp://assets.cambridge.org/97811070/14718/cover/9781107014718.jpg a7bcbccorignewd1eecipf20gy-gencatlg 2ddccBK c15377d15377 001040708NFICaCIPSbCIPScGENd2013-10-02l0o327.17 RAT 2012pCIPS0002391r2013-11-28w2013-11-28yBK